| 000 | 00441nam a22001697a 4500 | ||
|---|---|---|---|
| 001 | 25518 | ||
| 005 | 20260428153617.0 | ||
| 008 | 260428b |||||||| |||| 00| 0 spa d | ||
| 020 | _a9786129916545 | ||
| 100 | _aPuntriano Rosas, César | ||
| 245 | _aContratos de trabajo temporales y otros contratos modales | ||
| 260 |
_a : _b , |
||
| 300 |
_a000 páginas : _b ; _c00 cm. |
||
| 440 | _a ; | ||
| 700 | _a; | ||
| 942 |
_cLIB _dJUS _fJUS _n0 _2ddc |
||
| 999 |
_c25518 _d25518 |
||